Human gene mapping 5 : Edinburgh conference (1979), fifth International Workshop on Human Gene Mapping /

Bibliographic Details
Corporate Authors: International Workshop on Human Gene Mapping University of Edinburgh, National Foundation, University of Edinburgh
Other Authors: Evans, H. J. (Henry John), 1930-
Format: Conference Proceeding Book
Language:English
Published: Basel ; New York : S. Karger, 1979.
Series:Birth defects original article series ; v. 15, no. 11.
Subjects:

MARC

Tag First Indicator Second Indicator Subfields
LEADER 00000cam a2200000 a 4500
001 in00000275607
005 20151010065149.0
008 800721s1979 sz b 10110 engm
010 |a  79090787  
015 |a Sw*** 
020 |a 380550649X 
035 |a (OCoLC)06602998 
035 |9 ABE3117AM 
040 |a DLC  |c DLC  |d m.c.  |d CUX  |d TXA  |d UtOrBLW 
049 |a TXAM  |c [1167405] 
050 0 0 |a RG626  |b  B63 vol.15, no.11 
060 0 |a W1 BI966 v.15 no.11 1979  |a [QH 445.2 I613 1979h] 
082 0 |a 616/.043 s  |a 611/.01816  |2 19 
111 2 |a International Workshop on Human Gene Mapping  |n (5th :  |d 1979 :  |c University of Edinburgh) 
245 1 0 |a Human gene mapping 5 :  |b Edinburgh conference (1979), fifth International Workshop on Human Gene Mapping /  |c editors, H. John Evans [and others] ; assistant editors, Edwin S. Geffner, Joseph Jensen. 
264 1 |a Basel ;  |a New York :  |b S. Karger,  |c 1979. 
300 |a vi, 236 pages ;  |c 26 cm. 
336 |a text  |b txt  |2 rdacontent 
337 |a unmediated  |b n  |2 rdamedia 
338 |a volume  |b nc  |2 rdacarrier 
490 1 |a Birth defects original article series ;  |v v. 15, no. 11 
500 |a "Cytogenetics and cell genetics ; volume 25, number 1-4." 
500 |a "Sponsored by the National Foundation--March of Dimes at the University of Edinburgh, Scotland, UK, July 9-13, 1979." 
504 |a Includes bibliographies and index. 
650 0 |a Human chromosomes  |x Congresses. 
650 0 |a Gene mapping  |x Congresses. 
650 2 |a Genetics, Medical  |x congresses. 
650 2 |a Genetic Linkage  |x congresses. 
700 1 |a Evans, H. J.  |q (Henry John),  |d 1930- 
710 2 |a National Foundation. 
710 2 |a University of Edinburgh. 
730 0 |a Cytogenetics and cell genetics. 
830 0 |a Birth defects original article series ;  |v v. 15, no. 11. 
999 |a MARS 
999 f f |s 377d9bbc-c04d-3bb2-a3e0-51cd201f6e89  |i 6ca24341-8206-3f3c-9f6b-2beb9066d303  |t 0 
952 f f |p ric  |a Texas A&M University  |b Rellis Campus  |c Joint Library Facility  |d Remote Storage  |t 0  |e RG626 B63 vol.15, no.11  |h Library of Congress classification  |i unmediated -- volume  |m A14806375515 
998 f f |a RG626 B63 vol.15, no.11  |t 0  |l Remote Storage